000 00565nam a2200229Ia 4500
003 OSt
005 20220918180000.0
006 a|||||r|||| 00| 0
007 ta
008 220917b |||||||| |||| 00| 0 eng d
024 _a20,097
037 _cTextual
040 _aARTS
_cARTS
_beng
041 _2eng
_aeng
082 _aO:3:9N, L0
100 _aBergonzi Bernard
_923818
245 0 _aSituation of the novel
260 _c1970
650 _aENGLISH LITERATURE
942 _hO:3:9N, L0
_cTEXL
_2CC
999 _c159863
_d159863